[Event "Abu Dhabi op 29th"]
[Site "Abu Dhabi"]
[Date "2023.08.24"]
[Round "9"]
[White "Raetsky, Alexander"]
[Black "Ammar, Sedrani"]
[Result "1/2-1/2"]
[WhiteElo "2332"]
[BlackElo "2159"]
[PlyCount "79"]
[EventDate "2023.08.16"]
[EventType "swiss"]
[EventRounds "9"]
[EventCountry "UAE"]
[SourceTitle "EXT 2024"]
[Source "ChessBase"]
[SourceDate "2023.10.10"]
[SourceVersion "1"]
[SourceVersionDate "2023.10.10"]
[SourceQuality "1"]

1. e4 c5 2. Nf3 Nc6 3. b4 cxb4 4. a3 bxa3 5. d4 g6 6. d5 Bg7 7. Rxa3 Ne5 8. Nxe5 Bxe5 9. Be3 a6 10. Nd2 d6 11. Nc4 Qc7 12. Be2 Bd7 13. Bb6 Qb8 14. Nxe5 dxe5 15. c4 Nf6 16. f3 0-0 17. 0-0 Rc8 18. Qa1 Ne8 19. f4 Nd6 20. fxe5 Nxc4 21. Bxc4 Rxc4 22. Raf3 Ra4 23. Qb2 Rxe4 24. e6 fxe6 25. Rf7 e5 26. Rxe7 Qd6 27. Rff7 Rb4 28. Rg7+ Kf8 29. Qf2+ Bf5 30. Qc5 Rxb6 31. Rgf7+ Kg8 32. Rg7+ Kf8 33. Rgf7+ Kg8 34. Rg7+ Kf8 35. Rgf7+ Kg8 36. Rg7+ Kf8 37. Rgf7+ Kg8 38. Qxd6 Rxd6 39. Rg7+ Kf8 40. Rgf7+ 1/2-1/2

[Event "Abu Dhabi op 29th"]
[Site "Abu Dhabi"]
[Date "2023.08.23"]
[Round "8"]
[White "Ammar, Sedrani"]
[Black "Manish, Anto Cristiano F"]
[Result "0-1"]
[WhiteElo "2159"]
[BlackElo "2385"]
[PlyCount "82"]
[EventDate "2023.08.16"]
[EventType "swiss"]
[EventRounds "9"]
[EventCountry "UAE"]
[SourceTitle "EXT 2024"]
[Source "ChessBase"]
[SourceDate "2023.10.10"]
[SourceVersion "1"]
[SourceVersionDate "2023.10.10"]
[SourceQuality "1"]

1. d4 d5 2. c4 c6 3. cxd5 cxd5 4. Nc3 Nc6 5. e4 e6 6. e5 f5 7. Nf3 Bd7 8. Bd3 Qb6 9. Ne2 Be7 10. 0-0 0-0-0 11. a3 Kb8 12. b4 Rc8 13. Rb1 Nh6 14. Bd2 Nf7 15. Qb3 g5 16. a4 g4 17. a5 Nxa5 18. bxa5 Qxb3 19. Rxb3 gxf3 20. gxf3 Ka8 21. Rfb1 Rc7 22. Nc3 Ng5 23. Bxg5 Bxg5 24. Bb5 Rg8 25. Kf1 Bc8 26. Bd3 a6 27. Ke2 Bd7 28. Rg1 Rcc8 29. Ra1 Bh4 30. Kf1 Rg7 31. Nd1 Rcg8 32. Rc3 Ka7 33. Ke2 Bd8 34. Ne3 Rg1 35. Nf1 R8g2 36. Ra2 Bh4 37. Ke1 Bc6 38. h3 Rh2 39. Rc1 Rxh3 40. Ke2 Rg2 41. Ke3 Bg5+ 0-1

[Event "Abu Dhabi op 29th"]
[Site "Abu Dhabi"]
[Date "2023.08.22"]
[Round "7"]
[White "Prathamesh, Sunil Mokal"]
[Black "Ammar, Sedrani"]
[Result "1/2-1/2"]
[WhiteElo "2371"]
[BlackElo "2159"]
[PlyCount "129"]
[EventDate "2023.08.16"]
[EventType "swiss"]
[EventRounds "9"]
[EventCountry "UAE"]
[SourceTitle "EXT 2024"]
[Source "ChessBase"]
[SourceDate "2023.10.10"]
[SourceVersion "1"]
[SourceVersionDate "2023.10.10"]
[SourceQuality "1"]

1. c4 e6 2. g3 d5 3. Nf3 Nf6 4. Bg2 Be7 5. 0-0 0-0 6. b3 Nbd7 7. Bb2 c6 8. d3 a5 9. Nbd2 b6 10. Qc2 Bb7 11. e4 Rc8 12. Rfe1 Qc7 13. Rad1 Rfd8 14. Qb1 Qb8 15. Nf1 Qa8 16. cxd5 cxd5 17. e5 Ne8 18. Nd4 Bb4 19. Re2 Bc3 20. f4 g6 21. g4 Ng7 22. Ng3 Ba6 23. a4 Qb8 24. Rc2 Bxb2 25. Qxb2 Rxc2 26. Qxc2 Rc8 27. Qd2 Rc5 28. Nge2 Qc7 29. h4 h5 30. gxh5 Nxh5 31. Bf3 Ng7 32. Kf2 Qd8 33. Rh1 f6 34. Bg4 Qe7 35. Qe3 fxe5 36. fxe5 Rc8 37. Kg3 Nf5+ 38. Bxf5 exf5 39. e6 Qd6+ 40. Kh3 Ne5 41. Rd1 Ng4 42. Qg3 Qxg3+ 43. Kxg3 Ne3 44. Rc1 Rc5 45. Rxc5 bxc5 46. Nc6 Kg7 47. Nxa5 Kf6 48. Nf4 Bc8 49. Nc6 Bxe6 50. a5 Bc8 51. Nb8 g5 52. hxg5+ Kxg5 53. a6 Nf1+ 54. Kf2 Kxf4 55. a7 Bb7 56. Kxf1 Ke5 57. Nd7+ Kd6 58. Nb6 Kc6 59. Na4 Kb5 60. Kf2 c4 61. dxc4+ dxc4 62. bxc4+ Kxa4 63. Ke3 Kb4 64. Kf4 Kxc4 65. Kxf5 1/2-1/2

[Event "Biel HTO 56th"]
[Site "Biel"]
[Date "2023.07.23"]
[Round "6"]
[White "Karthik, Rajaa"]
[Black "Ammar, Sedrani"]
[Result "1-0"]
[WhiteElo "2276"]
[BlackElo "2154"]
[PlyCount "109"]
[EventDate "2023.07.17"]
[EventType "swiss"]
[EventRounds "10"]
[EventCountry "SUI"]
[SourceTitle "CBM 215 Extra"]
[Source "ChessBase"]
[SourceDate "2023.09.30"]
[SourceVersion "1"]
[SourceVersionDate "2023.09.30"]
[SourceQuality "1"]

1. d4 d5 2. c4 e6 3. Nc3 Nf6 4. Bg5 Be7 5. e3 0-0 6. Nf3 h6 7. Bh4 Ne4 8. Bxe7 Qxe7 9. cxd5 Nxc3 10. bxc3 exd5 11. Qb3 c6 12. Bd3 Nd7 13. 0-0 Nf6 14. a4 Be6 15. Rfb1 b6 16. Qa3 Rfe8 17. Qxe7 Rxe7 18. Ne5 Rc7 19. f3 Rd8 20. Kf2 Ne8 21. g4 Nd6 22. h4 g6 23. Be2 Kg7 24. Nd3 Re8 25. Nf4 f6 26. Bd3 Bf7 27. Re1 g5 28. Ne2 Rce7 29. hxg5 hxg5 30. Ng3 Bg6 31. Bf5 Bxf5 32. Nxf5+ Nxf5 33. gxf5 Rh8 34. Rh1 Ree8 35. Rxh8 Rxh8 36. Kg3 Kf7 37. Re1 Rh4 38. Rc1 Ke7 39. c4 dxc4 40. Rc3 Kd6 41. Rc1 Rh8 42. e4 c5 43. Rd1 Rc8 44. f4 a6 45. Rb1 Kc6 46. fxg5 fxg5 47. e5 c3 48. f6 c2 49. Rc1 Kd7 50. d5 b5 51. axb5 axb5 52. e6+ Kd6 53. e7 Kd7 54. d6 Ke8 55. Rf1 1-0

[Event "Titled Tuesday intern op 13th Jun Late"]
[Site "Chess.com INT"]
[Date "2023.06.13"]
[Round "8"]
[White "Ammar, Sedrani"]
[Black "Korpics, Zsolt"]
[Result "1-0"]
[WhiteElo "2188"]
[BlackElo "2300"]
[PlyCount "87"]
[EventDate "2023.06.13"]
[EventType "swiss (blitz)"]
[EventRounds "11"]
[EventCountry "USA"]
[SourceTitle "EXT 2024"]
[Source "ChessBase"]
[SourceDate "2023.10.10"]
[SourceVersion "1"]
[SourceVersionDate "2023.10.10"]
[SourceQuality "1"]

1. e4 c5 2. Nf3 e6 3. d4 cxd4 4. Nxd4 Nc6 5. Nc3 Qc7 6. Be2 a6 7. 0-0 Nf6 8. Nxc6 bxc6 9. Be3 d5 10. exd5 cxd5 11. Bf3 Rb8 12. Rb1 Bd6 13. h3 0-0 14. Bg5 Nd7 15. Qd2 Ne5 16. Be2 Nc4 17. Bxc4 Qxc4 18. a3 a5 19. Rfe1 Ba6 20. Ne2 h6 21. Bf4 e5 22. Bg3 f5 23. f4 e4 24. Bf2 Rbc8 25. Nd4 Bc5 26. c3 Bxd4 27. Bxd4 a4 28. Qf2 Qc6 29. Rbd1 Bd3 30. Qg3 Rb8 31. Rd2 Rb7 32. Be5 Kh7 33. Kh2 Qg6 34. Qe3 Rb3 35. Rg1 Qb6 36. Bd4 Qb8 37. g4 Rxb2 38. Rxb2 Qxb2+ 39. Rg2 Qb8 40. gxf5 Rf7 41. Qg3 Qf8 42. Qg6+ Kh8 43. Qxh6+ Kg8 44. f6 1-0

[Event "Titled Tuesday intern op 13th Jun Late"]
[Site "Chess.com INT"]
[Date "2023.06.13"]
[Round "7"]
[White "Ammar, Sedrani"]
[Black "Moral Garcia, Serafin"]
[Result "0-1"]
[WhiteElo "2188"]
[BlackElo "2240"]
[PlyCount "94"]
[EventDate "2023.06.13"]
[EventType "swiss (blitz)"]
[EventRounds "11"]
[EventCountry "USA"]
[SourceTitle "EXT 2024"]
[Source "ChessBase"]
[SourceDate "2023.10.10"]
[SourceVersion "1"]
[SourceVersionDate "2023.10.10"]
[SourceQuality "1"]

1. e4 c5 2. Nf3 e6 3. d4 cxd4 4. Nxd4 Nc6 5. Nc3 Qc7 6. Be3 a6 7. Be2 Nf6 8. 0-0 Bb4 9. f3 d5 10. exd5 exd5 11. Nb3 Be6 12. Nc5 d4 13. Nxe6 fxe6 14. a3 Bxc3 15. bxc3 dxe3 16. Qc1 Qe5 17. Rb1 Rb8 18. Re1 Nd5 19. Bc4 0-0 20. Bxd5 Qxd5 21. Qxe3 e5 22. Rbd1 Qa2 23. Rd7 Qxc2 24. Red1 Rbd8 25. Rxd8 Nxd8 26. Rd2 Qb1+ 27. Kf2 e4 28. Qg5 Ne6 29. Qd5 Qb6+ 30. Kf1 exf3 31. gxf3 Kh8 32. Qd6 Rxf3+ 33. Kg2 Qxd6 34. Rxd6 Rf6 35. Rd7 b5 36. Ra7 Nf8 37. Rc7 Kg8 38. c4 bxc4 39. Rxc4 Ne6 40. a4 Kf7 41. a5 Rf5 42. Ra4 Nc5 43. Rb4 Nd7 44. Rb7 Ke6 45. Rc7 Rxa5 46. Rc6+ Ke7 47. Rc7 Ra2+ 0-1

[Event "Titled Tuesday intern op 13th Jun Late"]
[Site "Chess.com INT"]
[Date "2023.06.13"]
[Round "10"]
[White "Ammar, Sedrani"]
[Black "Ricaurte Lopez, Juan Carlos"]
[Result "0-1"]
[WhiteElo "2188"]
[BlackElo "2226"]
[PlyCount "54"]
[EventDate "2023.06.13"]
[EventType "swiss (blitz)"]
[EventRounds "11"]
[EventCountry "USA"]
[SourceTitle "EXT 2024"]
[Source "ChessBase"]
[SourceDate "2023.10.10"]
[SourceVersion "1"]
[SourceVersionDate "2023.10.10"]
[SourceQuality "1"]

1. Nf3 Nf6 2. g3 b6 3. Bg2 Bb7 4. 0-0 e6 5. b3 Be7 6. Bb2 0-0 7. c4 c5 8. Nc3 a6 9. Rc1 Qc7 10. Re1 d5 11. cxd5 exd5 12. d4 Rd8 13. dxc5 bxc5 14. Na4 Nbd7 15. Ba3 Qa5 16. Qd2 Qb5 17. Nc3 Qc6 18. Na4 Qb5 19. Qe3 Ne4 20. h4 Rac8 21. Rc2 d4 22. Qd3 Qc6 23. Nd2 f5 24. Nc4 Qg6 25. Rec1 Bf8 26. Nd2 Ne5 27. Bxe4 fxe4 0-1

[Event "Dubai op-B 23rd"]
[Site "Dubai"]
[Date "2023.06.02"]
[Round "7"]
[White "Tamojit, Chakraborty"]
[Black "Ammar, Sedrani"]
[Result "1/2-1/2"]
[WhiteElo "1806"]
[BlackElo "2197"]
[PlyCount "61"]
[EventDate "2023.05.27"]
[EventType "swiss"]
[EventRounds "9"]
[EventCountry "UAE"]
[SourceTitle "CBM 214 Extra"]
[Source "ChessBase"]
[SourceDate "2023.07.31"]
[SourceVersion "1"]
[SourceVersionDate "2023.07.31"]
[SourceQuality "1"]

1. e4 c6 2. d4 d5 3. e5 Bf5 4. h4 h5 5. Bd3 Bxd3 6. Qxd3 e6 7. Bg5 Qa5+ 8. Nd2 Qa6 9. c4 c5 10. Ne2 Nc6 11. 0-0 cxd4 12. Nxd4 Nxe5 13. Qg3 Nxc4 14. Nxc4 Qxc4 15. Rfd1 Qb4 16. Rac1 Bd6 17. Bf4 Bxf4 18. Qxg7 Bxc1 19. Qxh8 Bxb2 20. Qxg8+ Qf8 21. Qg5 Bxd4 22. Rxd4 Qh8 23. Rb4 b6 24. Qc1 Qe5 25. Qc6+ Ke7 26. Qb7+ Kf6 27. Rb3 Qa1+ 28. Kh2 Qe5+ 29. Kg1 Qe1+ 30. Kh2 Qe5+ 31. Kg1 1/2-1/2

[Event "Dubai op-B 23rd"]
[Site "Dubai"]
[Date "2023.05.27"]
[Round "1"]
[White "Ammar, Sedrani"]
[Black "Sahin, Sarp"]
[Result "1-0"]
[WhiteElo "2197"]
[BlackElo "1837"]
[PlyCount "105"]
[EventDate "2023.05.27"]
[EventType "swiss"]
[EventRounds "9"]
[EventCountry "UAE"]
[SourceTitle "CBM 214 Extra"]
[Source "ChessBase"]
[SourceDate "2023.07.31"]
[SourceVersion "1"]
[SourceVersionDate "2023.07.31"]
[SourceQuality "1"]

1. d4 d5 2. Nf3 Nf6 3. Bf4 c5 4. e3 Nc6 5. dxc5 e6 6. Nc3 Bxc5 7. Bd3 0-0 8. 0-0 h6 9. e4 dxe4 10. Nxe4 Nxe4 11. Bxe4 Qf6 12. Qc1 Nd4 13. Nxd4 Bxd4 14. c3 Bc5 15. a4 a5 16. Bg3 e5 17. Qc2 Qg5 18. Rae1 f6 19. Kh1 Ba7 20. Rd1 Kh8 21. f4 exf4 22. Bxf4 Qh5 23. Bg6 Qh4 24. Bd6 Bg4 25. Qe4 Rfd8 26. h3 h5 27. Bh2 Rxd1 28. Rxd1 f5 29. Bxf5 Rd8 30. Rf1 Bf2 31. Bc7 Rf8 32. Bxg4 hxg4 33. Qxg4 Qxg4 34. hxg4 Rf6 35. g3 Rh6+ 36. Kg2 Bb6 37. Bf4 Re6 38. Kf3 Bc5 39. Rb1 Rb6 40. b3 Re6 41. b4 axb4 42. cxb4 Ba7 43. Rd1 Ra6 44. a5 Rf6 45. Rd8+ Kh7 46. Rd7 Rc6 47. Rxb7 Rc3+ 48. Ke4 Bf2 49. Rxg7+ Kh8 50. Rb7 Rc4+ 51. Kf5 Bd4 52. a6 Rc8 53. Rb8 1-0

[Event "Titled Tuesday intern op 23rd May Late"]
[Site "Chess.com INT"]
[Date "2023.05.23"]
[Round "8"]
[White "Ammar, Sedrani"]
[Black "Kim, Sergey2222"]
[Result "1-0"]
[WhiteElo "2197"]
[BlackElo "2295"]
[PlyCount "101"]
[EventDate "2023.05.23"]
[EventType "swiss (blitz)"]
[EventRounds "11"]
[EventCountry "USA"]
[SourceTitle "EXT 2024"]
[Source "ChessBase"]
[SourceDate "2023.10.10"]
[SourceVersion "1"]
[SourceVersionDate "2023.10.10"]
[SourceQuality "1"]

1. e4 e5 2. Nf3 Nc6 3. Nc3 Nf6 4. d4 exd4 5. Nxd4 Bb4 6. Nxc6 bxc6 7. Bd3 d5 8. 0-0 Bxc3 9. bxc3 dxe4 10. Bc4 0-0 11. Qxd8 Rxd8 12. Bg5 h6 13. Bxf6 gxf6 14. Rfe1 Bf5 15. h3 Rd2 16. Bb3 a5 17. a4 Rad8 18. Re3 Bg6 19. Rae1 f5 20. g3 h5 21. h4 Kg7 22. R3e2 Rd1 23. Rxd1 Rxd1+ 24. Kg2 Kf6 25. f3 Ke5 26. Kf2 f4 27. fxe4 Bxe4 28. gxf4+ Kxf4 29. Bxf7 Rh1 30. Bxh5 Rxh4 31. Be8 Rh2+ 32. Ke1 Rh8 33. Bf7 Rh1+ 34. Kd2 Ra1 35. Bb3 Rf1 36. Rh2 Bf5 37. Rh6 Rf2+ 38. Kc1 Be4 39. Rf6+ Ke3 40. Re6 Rf1+ 41. Kb2 Rf2 42. Re5 Kf4 43. Rxa5 Bf3 44. Ra7 Ke5 45. Rxc7 Be4 46. Re7+ Kf4 47. Rf7+ Ke3 48. Rxf2 Kxf2 49. Be6 Ke3 50. Kb3 Kd2 51. a5 1-0

[Event "Titled Tuesday intern op 23rd May Late"]
[Site "Chess.com INT"]
[Date "2023.05.23"]
[Round "6"]
[White "Ammar, Sedrani"]
[Black "Stankovic, Boris"]
[Result "0-1"]
[WhiteElo "2197"]
[BlackElo "2199"]
[PlyCount "68"]
[EventDate "2023.05.23"]
[EventType "swiss (blitz)"]
[EventRounds "11"]
[EventCountry "USA"]
[SourceTitle "EXT 2024"]
[Source "ChessBase"]
[SourceDate "2023.10.10"]
[SourceVersion "1"]
[SourceVersionDate "2023.10.10"]
[SourceQuality "1"]

1. d4 Nf6 2. c4 e6 3. Nf3 d5 4. Nc3 c5 5. cxd5 Nxd5 6. e4 Nxc3 7. bxc3 cxd4 8. cxd4 Bb4+ 9. Bd2 Bxd2+ 10. Qxd2 0-0 11. Bc4 Nd7 12. 0-0 b6 13. Rfe1 Bb7 14. Rad1 Rc8 15. Bb3 Re8 16. Qf4 Qc7 17. Qh4 h6 18. Re3 Qd8 19. Qg3 Nf6 20. e5 Nd5 21. Red3 a5 22. Ba4 Re7 23. Nd2 Ba6 24. Rb3 b5 25. Bxb5 Bxb5 26. Rxb5 Nc3 27. Kf1 Nxb5 28. Ne4 Kh8 29. Qe3 Qd5 30. g4 Qc4+ 31. Kg2 Nc3 32. Nf6 Nxd1 33. Qh3 Nxf2 34. Qh4 Qxd4 0-1

[Event "Titled Tuesday intern op 23rd May Late"]
[Site "Chess.com INT"]
[Date "2023.05.23"]
[Round "9"]
[White "Toncheva, Nadya"]
[Black "Ammar, Sedrani"]
[Result "0-1"]
[WhiteElo "2295"]
[BlackElo "2197"]
[PlyCount "104"]
[EventDate "2023.05.23"]
[EventType "swiss (blitz)"]
[EventRounds "11"]
[EventCountry "USA"]
[SourceTitle "EXT 2024"]
[Source "ChessBase"]
[SourceDate "2023.10.10"]
[SourceVersion "1"]
[SourceVersionDate "2023.10.10"]
[SourceQuality "1"]

1. e4 e5 2. Nf3 Nc6 3. Bb5 a6 4. Ba4 Nf6 5. 0-0 Be7 6. Re1 b5 7. Bb3 0-0 8. a4 Rb8 9. axb5 axb5 10. d3 d6 11. h3 Bd7 12. Nbd2 Nb4 13. Nf1 c5 14. Bd2 Nc6 15. Ne3 Nd4 16. Nxd4 cxd4 17. Nd5 Be6 18. Nxf6+ Bxf6 19. c3 d5 20. cxd4 exd4 21. e5 Be7 22. Qe2 Qd7 23. Rec1 Rfc8 24. Qf3 h6 25. Bf4 Rc6 26. Rxc6 Qxc6 27. Qd1 Rc8 28. Rc1 Qb7 29. Rxc8+ Qxc8 30. Qc2 Qa8 31. Kh2 g5 32. Bg3 h5 33. f3 Kg7 34. Bf2 Qa7 35. Qd2 f6 36. exf6+ Bxf6 37. Qb4 Qc7+ 38. Bg3 Be5 39. Qe1 Kf6 40. Bxe5+ Qxe5+ 41. Qxe5+ Kxe5 42. Kg3 Bf5 43. Bc2 h4+ 44. Kf2 Kf4 45. b4 Be6 46. Bb3 Bf5 47. Bxd5 Bxd3 48. Bc6 Bc4 49. Bd7 d3 50. Ke1 Ke3 51. Bf5 d2+ 52. Kd1 Bb3+ 0-1

[Event "Sharjah Masters 5th"]
[Site "Sharjah"]
[Date "2022.05.27"]
[Round "7"]
[White "Kamalidenova, Meruert"]
[Black "Ammar, Sedrani"]
[Result "1-0"]
[WhiteElo "2408"]
[BlackElo "2255"]
[PlyCount "121"]
[EventDate "2022.05.21"]
[EventType "swiss"]
[EventRounds "9"]
[EventCountry "UAE"]
[SourceTitle "CBM 208 Extra"]
[Source "ChessBase"]
[SourceDate "2022.07.31"]
[SourceVersion "1"]
[SourceVersionDate "2022.07.31"]
[SourceQuality "1"]

1. d4 d5 2. c4 e6 3. Nf3 Nf6 4. g3 Be7 5. Bg2 0-0 6. 0-0 c6 7. Qc2 Nbd7 8. Nbd2 b6 9. e4 Ba6 10. e5 Ne8 11. Re1 Rc8 12. h4 c5 13. cxd5 cxd4 14. Qd1 exd5 15. Nxd4 Nc5 16. Bh3 Rc7 17. N2f3 Bc8 18. Nf5 Bxf5 19. Bxf5 g6 20. Bh3 Ng7 21. Be3 Ne4 22. Qd3 Qa8 23. a3 Ne6 24. Rad1 Rd8 25. Bg2 Qc8 26. Nd4 N4c5 27. Qe2 Rcd7 28. Rc1 Qb7 29. Bh3 Rc7 30. Nb5 Rcc8 31. b4 d4 32. Nxd4 Rxd4 33. bxc5 Rdd8 34. cxb6 Rxc1 35. Rxc1 axb6 36. Qb2 b5 37. h5 Qa6 38. hxg6 hxg6 39. Ra1 Ra8 40. Bg2 Rd8 41. Bf1 Bc5 42. Bxc5 Nxc5 43. Qxb5 Qa7 44. Qb4 Ne6 45. Qc3 Ng5 46. Bg2 Qa4 47. Qe1 Qd4 48. a4 Re8 49. a5 Rxe5 50. Qf1 Rf5 51. Rd1 Qa7 52. a6 Nf3+ 53. Bxf3 Rxf3 54. Kg2 Qa8 55. Kg1 Qa7 56. Qg2 Rf5 57. Ra1 Qd4 58. Ra2 Qa7 59. Qb7 Qd4 60. a7 Qd1+ 61. Kg2 1-0

[Event "Sharjah Masters 5th"]
[Site "Sharjah"]
[Date "2022.05.23"]
[Round "3"]
[White "Hesham, Abdelrahman"]
[Black "Ammar, Sedrani"]
[Result "1-0"]
[WhiteElo "2412"]
[BlackElo "2255"]
[PlyCount "79"]
[EventDate "2022.05.21"]
[EventType "swiss"]
[EventRounds "9"]
[EventCountry "UAE"]
[SourceTitle "CBM 208 Extra"]
[Source "ChessBase"]
[SourceDate "2022.07.31"]
[SourceVersion "1"]
[SourceVersionDate "2022.07.31"]
[SourceQuality "1"]

1. e4 c6 2. d4 d5 3. e5 Bf5 4. Nf3 e6 5. Be2 c5 6. Be3 Qb6 7. Nc3 c4 8. Rb1 Bb4 9. 0-0 Bxc3 10. bxc3 Qc7 11. Nh4 Ne7 12. g4 Bg6 13. f4 Be4 14. f5 Nbc6 15. f6 gxf6 16. Rxf6 Rg8 17. Qd2 Ng6 18. Nf3 Bxf3 19. Rxf3 h5 20. gxh5 Nh4+ 21. Rg3 0-0-0 22. Bg5 Nf5 23. Rg2 Nce7 24. Bg4 Rdf8 25. Bf6 Qa5 26. Kh1 Qxa2 27. Rbg1 Kc7 28. Bxf5 Rxg2 29. Rxg2 Nxf5 30. h4 Qb1+ 31. Kh2 Qf1 32. Rf2 Qb1 33. h6 Rg8 34. Bg7 Kc6 35. Rxf5 exf5 36. Qf2 Qb6 37. h7 Qd8 38. Bf6 Qf8 39. Qxf5 a5 40. e6 1-0